WorkShop Barcelona / Institut de Ciències Polítiques i Socials
Guardado en:
| Institution som forfatter: | |
|---|---|
| Format: | Bog |
| Sprog: | Spanish |
| Udgivet: |
Barcelona
Institut de Ciènces Polítiques i Socials
|
| Fag: | |
| Tags: |
Tilføj Tag
Ingen Tags, Vær først til at tagge denne postø!
|
MARC
| LEADER | 00000nam a22000007a 4500 | ||
|---|---|---|---|
| 003 | cru CIDCAS/IIS | ||
| 005 | 20230502150200.0 | ||
| 008 | 191003t sp |||p|r||||||0| ||spa|d | ||
| 040 | |a cru CRAI/IIS |c cru CRAI/IIS | ||
| 090 | |a REV1646 | ||
| 110 | |9 8631 |a Institut de Ciènces Polítiques i Socials | ||
| 245 | 1 | |a WorkShop Barcelona / |b Institut de Ciències Polítiques i Socials | |
| 260 | |a Barcelona |b Institut de Ciènces Polítiques i Socials | ||
| 500 | |a EXISTENCIAS : 1995 (7) 2001 (12) 2002 (13) 2003 (14-16) 2004 (17-19) 2005 (20) 2006 21 (1-2) 2007(23) 2008 (24, 25) 2008(26) | ||
| 650 | 0 | |9 3691 |a POLITICA | |
| 650 | 0 | |9 3066 |a ASPECTOS POLITICOS | |
| 650 | 0 | |9 413 |a PARTIDOS POLITICOS | |
| 942 | |2 ddc |c PP |h REV1646 |6 REV1646 | ||
| 999 | |c 42431 |d 42431 | ||
